Introducción a la teoría de sistemas
Gardado en:
| Autor Principal: | |
|---|---|
| Formato: | Libro |
| Idioma: | Lingua castelá |
| Publicado: |
Ciudad de México
Anthropos
1996
|
| Series: | Autores, Textos y Temas. Ciencias Sociales, 11
|
| Subjects: | |
| Tags: |
Engadir etiqueta
Sen Etiquetas, Sexa o primeiro en etiquetar este rexistro!
|
MARC
| LEADER | 00000nam a2200000 a 4500 | ||
|---|---|---|---|
| 001 | UCT9015 | ||
| 003 | CL-VaPUC | ||
| 008 | 970404e19960000MX |||||||||||||||||spa|d | ||
| 082 | 0 | 4 | |a 302 |b LUH |2 21 |
| 100 | |a Luhmann, Niklas |e autor |9 316343 | ||
| 245 | 1 | 0 | |a Introducción a la teoría de sistemas |
| 300 | |a 304 p | ||
| 942 | |c BK | ||
| 945 | |d 19970404 00:00:00 |a rleighto | ||
| 260 | |a Ciudad de México |b Anthropos |c 1996 | ||
| 650 | 0 | |a Sistemas sociales |9 308361 | |
| 650 | 0 | |a Teoría de sistemas |9 260742 | |
| 650 | 0 | |a Sociología |9 255410 | |
| 650 | 0 | |a Sociedad |9 307903 | |
| 583 | |a last modification |c 19970404 00:00:00 |k Rodrigo Vera | ||
| 490 | 0 | |a Autores, Textos y Temas. Ciencias Sociales, 11 | |
| 999 | |c 257474 |d 257472 | ||
| 952 | |0 0 |1 0 |4 0 |6 302_000000000000000_LUH_1996 |7 0 |8 DER_TF |9 280960 |a BIBDER |b BIBDER |d 2019-11-19 |i 3299279 |o 302 LUH 1996 |p 3299279 |r 2023-01-25 |w 2019-11-19 |x Ubicación 4to Piso |y BK |z Estos recursos deben solicitarse con anticipación |k DER | ||